The slippery slope (Record no. 69387)
[ view plain ]
| 000 -LEADER | |
|---|---|
| fixed length control field | 01334cam a2200217 4500 |
| 001 - CONTROL NUMBER | |
| control field | WB3804-18 |
| 008 - FIXED-LENGTH DATA ELEMENTS--GENERAL INFORMATION | |
| fixed length control field | 020130n2002 000 0 eng u |
| 035 ## - SYSTEM CONTROL NUMBER | |
| System control number | (Sirsi) u116531 |
| 245 #4 - TITLE STATEMENT | |
| Title | The slippery slope |
| 260 ## - PUBLICATION, DISTRIBUTION, ETC. | |
| Date of publication, distribution, etc. | 2002 |
| 490 ## - SERIES STATEMENT | |
| Series statement | Estates Gazette |
| Volume/sequential designation | (0204) 26 January 2002, 172(1) |
| 520 ## - SUMMARY, ETC. | |
| Summary, etc. | Considers the case of "Gooden v Northamptonshire CC"(2001) in which the claimant G wishing to develop a property in Long Buckby. G wished to know if a path known as the Slope that led to access to the property was part of the highway and maintainable by the local authority. The defendant N replied that the paths and highway did fall into this category. It transpired that the Slope, was not maintained at public expense. This led to curtailment and financial loss to G, since the property was only viable if the Slope was subject to N's statutory powers. The CA ruled that N had not been negligent. The key issues were that a local authority owes a duty of care to a purchaser in answering standard enquiries, but damages for a developer's losses hinge upon the authority's awareness of intention to develop. |
| 590 ## - LOCAL NOTE (RLIN) | |
| Local note | WB |
| 650 ## - SUBJECT ADDED ENTRY--TOPICAL TERM | |
| Topical term or geographic name entry element | DUTY OF CARE |
| 650 ## - SUBJECT ADDED ENTRY--TOPICAL TERM | |
| Topical term or geographic name entry element | GOODEN V NORTHAMPTONSHIRE CC |
| 650 ## - SUBJECT ADDED ENTRY--TOPICAL TERM | |
| Topical term or geographic name entry element | LIABILITY |
| 650 ## - SUBJECT ADDED ENTRY--TOPICAL TERM | |
| Topical term or geographic name entry element | HIGHWAYS |
| 650 ## - SUBJECT ADDED ENTRY--TOPICAL TERM | |
| Topical term or geographic name entry element | PROPERTY DEVELOPMENT |
| 690 ## - LOCAL SUBJECT ADDED ENTRY--TOPICAL TERM (OCLC, RLIN) | |
| Topical term or geographic name as entry element | PROPERTY |
| 942 ## - ADDED ENTRY ELEMENTS (KOHA) | |
| Suppress in OPAC | 0 |
| Withdrawn status | Lost status | Source of classification or shelving scheme | Damaged status | Not for loan | Home library | Current library | Shelving location | Date acquired | Total Checkouts | Full call number | Barcode | Date last seen | Copy number | Price effective from | Koha item type |
|---|---|---|---|---|---|---|---|---|---|---|---|---|---|---|---|
| Dewey Decimal Classification | London | London | News article | 30/01/2002 | WB3804-18 | 116531-1001 | 06/08/2019 | 1 | 06/08/2019 | News article |